| 000 | 01701cam a22004094i 4500 | ||
|---|---|---|---|
| 003 | PE-LiUPU | ||
| 005 | 20250731183335.0 | ||
| 008 | 140717s2006 mx ao g spa | ||
| 020 | _a9789709726343 | ||
| 035 | _a(Sirsi) i9789709726343 | ||
| 040 |
_aPE-LiUPU _bspa _cPE-LiUPU _erda |
||
| 041 | 1 |
_aspa _aeng |
|
| 049 | _aPRUA | ||
| 082 | 0 | 4 |
_a747.272 _bH22am |
| 100 | 1 |
_aHaro, Fernándo de, _eautor. |
|
| 245 | 1 | 0 |
_aInteriores mexicanos : _bambientes con distinción / _cFernándo de Haro y Omar Fuentes. |
| 264 | 1 |
_aBosques de las Lomas : _bAM, _c2006. |
|
| 300 |
_a173 páginas : _bilustraciones ; _c29 centímetros. |
||
| 336 |
_atext _2rdacontent |
||
| 337 |
_aunmediated _2rdamedia |
||
| 338 |
_avolume _2rdacarrier |
||
| 490 | 0 | _aInteriores Mexicanos | |
| 505 | 0 | _aMariangel Álvarez y Covadonga Hernández -- Eduardo Ávalos, Miguel de Llano y José Segués -- Alejandro Bernardi, Gloria Cortina, Imanol Legorreta, Beatriz Peschard y Pablo Sepúlveda -- Javier Calleja, Alfonso López y Antonio Artigas. | |
| 526 | _aP158 | ||
| 526 | _aP146 | ||
| 526 | _aP17 | ||
| 526 | _aP12 | ||
| 526 | _aP06 | ||
| 546 | _aTexto paralelo en español y en Inglés. | ||
| 910 |
_agl20131219 _cbd |
||
| 942 |
_2ddc _cBOOK |
||
| 949 |
_a747.272 H22AM _wDEWEY _c1 _i69769 _lCCODEBUL1 _mBUL _p54.00 _r0 _sY _tBOOK _u2015-7-6 _xINGENIERIA _PP06 _0COMPRA _o.STAFF. Colección General |
||
| 994 |
_aC0 _bPEPRU |
||
| 596 | _a1 | ||
| 999 |
_a747.272 H22AM _wDEWEY _c6128 _i69769 _f2021-11-10 _g7 _lCCODEBUL1 _mBUL _p54.00 _r0 _sY _tBOOK _u2015-7-6 _xINGENIERIA _PP06 _0COMPRA _o.STAFF. Colección General _d6128 |
||
| 980 |
_81 _gALBERTO SANCHEZ Responsable de Automatización |
||